Top 10 Most Popular Soft Drinks - Statistics

General Stats
  • This quiz has been taken 467 times
  • The average score is 6 of 10
Answer Stats
Hint Answer % Correct
1 Coca-Cola
98%
2 Pepsi
94%
6 Sprite
92%
9 Fanta
88%
4 Dr. Pepper
78%
5 Mountain Dew
59%
3 Diet Coke
42%
7 Diet Pepsi
33%
8 Coke Zero
27%
10 Diet Mountain Dew
11%
No matching quizzes found
Score Distribution
Percent of People with Each Score
Percentile by Number Answered
Your Score History
You have not taken this quiz